|
|
|
|
| LEADER |
00000cam a22000004a 4500 |
| 001 |
musev2_27697 |
| 003 |
MdBmJHUP |
| 005 |
20230905042933.0 |
| 006 |
m o d |
| 007 |
cr||||||||nn|n |
| 008 |
090817s1996 mnu o 00 0 eng d |
| 020 |
|
|
|a 9780816687695
|
| 020 |
|
|
|z 9780816628650
|
| 020 |
|
|
|z 0816687692
|
| 035 |
|
|
|a (OCoLC)614485203
|
| 040 |
|
|
|a MdBmJHUP
|c MdBmJHUP
|
| 100 |
1 |
|
|a Herbert, Steve.
|
| 245 |
1 |
0 |
|a Policing Space :
|b Territoriality and the Los Angeles Police Department
|
| 264 |
|
1 |
|a Minneapolis :
|b University of Minnesota Press,
|c 1996.
|
| 264 |
|
3 |
|a Baltimore, Md. :
|b Project MUSE,
|c 2015
|
| 264 |
|
4 |
|c ©1996.
|
| 300 |
|
|
|a 1 online resource (208 pages).
|
| 336 |
|
|
|a text
|b txt
|2 rdacontent
|
| 337 |
|
|
|a computer
|b c
|2 rdamedia
|
| 338 |
|
|
|a online resource
|b cr
|2 rdacarrier
|
| 505 |
0 |
|
|a Contents; Preface and Acknowledgments; Introduction; 1. Territoriality and the Police; 2. The Setting and the Research; 3. The Law and Police Territoriality; 4. The Bureaucratic Ordering of Police Territoriality; 5. Adventure/Machismo and the Attempted Conquest of Space; 6. Safety and Police Territoriality; 7. Competence in Police Territoriality; 8. The Morality of Police Territoriality; 9. Making and Marking Space with the LAPD; Notes; Index.
|
| 520 |
|
|
|a Policing Space is a fascinating firsthand account of how the Los Angeles Police Department attempts to control its vast, heterogeneous territory. As such, the book offers a rare, ground-level look at the relationship between the control of space and the exercise of power.
|
| 588 |
|
|
|a Description based on print version record.
|
| 610 |
1 |
7 |
|a Los Angeles (Calif.).
|b Police Department.
|2 fast
|0 (OCoLC)fst01831442
|
| 610 |
1 |
0 |
|a Los Angeles (Calif.).
|b Police Department.
|
| 650 |
|
7 |
|a Police power.
|2 fast
|0 (OCoLC)fst01068645
|
| 650 |
|
7 |
|a Police.
|2 fast
|0 (OCoLC)fst01068398
|
| 650 |
|
7 |
|a Human territoriality.
|2 fast
|0 (OCoLC)fst00963473
|
| 650 |
|
6 |
|a Police
|x Pouvoirs
|z Californie
|z Los Angeles.
|
| 650 |
|
6 |
|a Territorialite humaine
|z Californie
|z Los Angeles.
|
| 650 |
|
0 |
|a Police
|z California
|z Los Angeles.
|
| 650 |
|
0 |
|a Police power
|z California
|z Los Angeles.
|
| 650 |
|
0 |
|a Human territoriality
|z California
|z Los Angeles.
|
| 651 |
|
7 |
|a California
|z Los Angeles.
|2 fast
|0 (OCoLC)fst01204540
|
| 655 |
|
7 |
|a Electronic books.
|2 local
|
| 710 |
2 |
|
|a Project Muse.
|e distributor
|
| 830 |
|
0 |
|a Book collections on Project MUSE.
|
| 856 |
4 |
0 |
|z Texto completo
|u https://projectmuse.uam.elogim.com/book/27697/
|
| 945 |
|
|
|a Project MUSE - Custom Collection
|
| 945 |
|
|
|a Project MUSE - Archive Complete Supplement III
|
| 945 |
|
|
|a Project MUSE - Archive Political Science and Policy Studies Supplement III
|